000 00666nam a2200205 i 4500
001 25397
003 ES-MaACL
005 20250701025840.0
007 t|
008 021226s1975 ag ||||1| spa d
100 1 _aArguedas, José María.
_922708
245 1 0 _aRelatos completos /
_cJosé María Arguedas ; cuidó la edición Jorge Lafforgue.
260 _aBuenos Aires :
_bLosada,
_c[1975]
300 _a237 p. ;
_c18 cm.
490 1 _aBiblioteca clásica y contemporánea ;
_v415
700 1 _aLafforgue, Jorge.
_969490
830 0 0 _aBiblioteca clásica y contemporánea
_v415
_9181053
852 _aES-MaACL
_jL-7386
_bR.107541
999 _c25397
_d25397